Manet (Запис номер 398917)
[ съкратено ]
| 000 -Лидер | |
|---|---|
| Контролно поле с фиксирана дължина | nkm a22 a 4500 |
| 003 - Код на организацията, давaща контролен номер | |
| Контролно поле | BLK |
| 005 - Дата и час на последна редакция | |
| Контролно поле | 20210218085549.0 |
| 008 - Елементи от данни с фиксирана дължина | |
| fixed length control field | 210218b bu ||||| |||||r0| ||bu d |
| 040 ## - Източник на каталожния запис | |
| Идентификатор на билиотеката - собственик на записа | BLK |
| 041 ## - Код за език | |
| Код за езика на текст/звукозапис или на отделно заглавие | Френски |
| Код за езика КДБФ | Френски |
| 080 ## - УДК | |
| Текстов определител УДК | Живопис |
| УДК код - определител по УДК | 75 |
| УДК - код + определител | 75(44)(092) |
| 080 ## - УДК | |
| Текстов определител УДК | Френски художник импресионист(1832-1883) |
| УДК код - определител по УДК | 929 Мане, Едуар |
| УДК - код + определител | 929 Мане, Едуар |
| 100 ## - Редна дума - Автор | |
| R(LIN) | 1299 |
| Автор | Rey, Robert |
| Авторска отговорност | първи автор |
| 139 ## - Редно поле | |
| Редна дума | Rey, Robert |
| Авторски знак | Man - M 24 |
| 245 ## - Сведения за заглавието | |
| Заглавие | Manet |
| Подзаглавни данни | [Album] |
| Редно поле (дума) | [Texte par] Robert Rey. |
| 257 ## - Страна на издаване | |
| Страна на създаване/издаване | Франция |
| 260 ## - Област на издателските данни | |
| 9 (RLIN) | 210664 |
| Място на издаване, разпространение и проч. | Paris |
| Име на издателя, разпространителя и проч. | Flammarion |
| Година на издаване | 1966 |
| Издателство - префикс ISBN | 978-2-290- ; 2-277- |
| 300 ## - Физическа характеристика | |
| Страници | 96 с. |
| Илюстрации и др. | с ил. |
| Размери/Мащаб | 28 см |
| 380 ## - Жанр | |
| Жанр | Изкуство |
| 490 ## - СЕРИИ (Колекции) | |
| 9 (RLIN) | 441793 |
| Име на серия | Les maîtres de la peinture moderne |
| 501 ## - Забележка „подвързано към” | |
| Забележка: Подвързано към... | Библиогр.: с. 91-95. |
| 600 14 - Име на лице, използвано като предмет | |
| 9 (RLIN) | 91964 |
| За него / За нея | Мане, Едуар |
| 650 #0 - Допълнително описание по предмет – тема | |
| 9 (RLIN) | 259306 |
| Основно описание – тема или топоним | Импресионизъм - Франция |
| 650 #7 - Допълнително описание по предмет – тема | |
| 9 (RLIN) | 177043 |
| Основно описание – тема или топоним | Художници |
| 651 #7 - Допълнително описание по предмет - топоним | |
| 9 (RLIN) | 179722 |
| Географско понятие | Франция |
| 653 #7 - Ключова дума – ненормативна | |
| 9 (RLIN) | 186627 |
| Ключова дума | живопис |
| 653 #7 - Ключова дума – ненормативна | |
| 9 (RLIN) | 187578 |
| Ключова дума | импресионизъм |
| 653 #7 - Ключова дума – ненормативна | |
| 9 (RLIN) | 181990 |
| Ключова дума | биографии |
| 653 #7 - Ключова дума – ненормативна | |
| 9 (RLIN) | 180586 |
| Ключова дума | албуми |
| 852 ## - Местоположение | |
| Форматна сигнатура | Цб ІІ 29374 |
| Фондова буква | Основен фонд - ползва се само за читалня |
| 999 ## - СИСТЕМНИ КОНТРОЛНИ НОМЕРА | |
| Koha biblionumber | 398917 |
| Koha biblioitemnumber | 398917 |
| 942 ## - АРТИКУЛИ | |
| Вид на библиотечния материал | Графични издания |
| Скрит в OPAC | Не |
| Периодичен библиозапис | Да |
| 944 ## - СЪЗДАВАНЕ И РЕДАКЦИЯ на ЗАПИСА | |
| Създаване/Редакция | Създаване |
| Дата на регистрацията/редакция | 2021-02-18 |
| Служител, извършил регистрацията/редакцията | Кети |
| 999 ## - СИСТЕМНИ КОНТРОЛНИ НОМЕРА | |
| Koha biblioitemnumber | 398910 |
| Код за отписване | Код за изгубен артикул | Източник на класификационната схема | Код за повреда | Коз за рестрикции | Код за отдаване | Артикулен № | Име на библиотеката - собственик | Име на библиотеката, в която се намира в момента | Статус (Текущо местоположение) | Дата на вписване в системата | Местоположение - отдел | Цена в лева | Инвентарен номер | Систематично азбучна сигнатура | Баркод | Цена в евро | Служебен тип на артикула |
|---|---|---|---|---|---|---|---|---|---|---|---|---|---|---|---|---|---|
| Не е изгубен | Universal Decimal Classification | Не е повреден | само за читалня | ползва се в читалня | 813124 | Регионална библиотека "Любен Каравелов" Русе | Регионална библиотека "Любен Каравелов" Русе | Хранилище | 2021-02-23 | Основен фонд - ползва се само за читалня | 3.78 | 68891 | Цб ІІ 29374 | 120000068891 | 1.93 | Графични издания |